| 000 | 00830nam a2200217 a 4500 | ||
|---|---|---|---|
| 001 | 000043247 | ||
| 005 | 20250909091242.0 | ||
| 008 | 140303s2011 sp ac 000 0 spa d | ||
| 020 | _a9788483471388 | ||
| 040 |
_aDO-SdBNP _bspa _cBNPHU |
||
| 245 | 0 | 0 | _aLa cooperación cultural para el desarrollo en el ámbito multilateral /. |
| 260 |
_aMadrid : _bAECID, _c2011. |
||
| 300 |
_a390 p. : _bil., retrs ; _c23 cm. |
||
| 490 | 1 |
_aCultura y Desarrollo _v11 |
|
| 504 | _aIncluye referencias bibliográficas y notas al pie de las páginas | ||
| 700 | 1 |
_aRey, German _970848 |
|
| 700 | 1 |
_aMoneta, Carlos J. _970849 |
|
| 710 | 2 |
_aAgencia Española de Cooperación Internacional _934585 |
|
| 710 | 2 |
_aOrganización de Estados Iberoamericanos para la Educación, la Ciencia y la Cultura _929137 |
|
| 830 | 0 |
_aCultura y Desarrollo _v11 _970835 |
|
| 999 |
_c42736 _d42736 |
||